[Event "Petrov Memorial op"]
[Site "St Petersburg"]
[Date "2000.02.13"]
[Round "6"]
[White "Kochyev, Alexander"]
[Black "Pridorozhni, Aleksei"]
[Result "1-0"]
[WhiteElo "2429"]
[BlackElo "2348"]
[Annotator "Horn,Pe"]
[PlyCount "179"]
[EventDate "2000.02.05"]
[EventType "swiss"]
[EventRounds "9"]
[EventCountry "RUS"]
[SourceTitle "CBM 076"]
[Source "ChessBase"]
[SourceDate "2000.05.31"]
[SourceVersion "1"]
[SourceVersionDate "2000.05.31"]
[SourceQuality "1"]

1. Nf3 Nf6 2. g3 d5 3. Bg2 Bg4 4. c4 c6 5. Ne5 e6 6. Nxg4 Nxg4 7. cxd5 exd5 8.
e4 Nf6 (8... Ne5 9. d4 Bb4+ 10. Nc3 Nc4 11. exd5 Bxc3+ 12. bxc3 O-O 13. dxc6
Re8+ 14. Kf1 Nxc6 15. Bf3 $16 {Davies,N-Krays,A/Tel Aviv 1993}) 9. e5 (9. Qb3
Nxe4 $2 (9... Qe7 $1) 10. Qxb7 $16 {Markov,J-Trofimova,O/Vladivostok 1995})
9... Nfd7 10. O-O Be7 $146 (10... Na6 11. Re1 Nc7 12. f4 g6 13. d4 Ne6 14. Nc3
$6 Nxd4 $132 {Cygielman,M-Bigot,A/Germany 1988}) (10... Nxe5 $4 11. Re1 $18)
11. Qg4 O-O (11... Nxe5 $6 12. Qxg7 Bf6 13. Qh6 $14) 12. d4 {[%cal Rc1h6]} f5
13. exf6 Nxf6 {Weiß hat zwar das Läuferpaar, aber es kann in dieser Situation
nicht sonderlich beeindrucken (Bg2 beißt auf Granit). Angesichts fehlender
Spannung in der Bauernstruktur ist mit einer längeren Manövrierphase zu
rechnen.} 14. Qe6+ Kh8 15. Nd2 {[%cal Yd2f3,Yf3e5] Der Nd2 strebt nach e5.} Qd7
{Die Qe6 kann dort nicht geduldet werden.} (15... Bd6 {[%cal Yf8e8]}) 16. Qe2 {
Das ist ein Zeichen, daß Weiß auf sein Läuferpaar zur Zeit nicht sehr stolz
ist.} Bd8 {[%cal Yd8b6] Der schwächste Punkt in der weißen Stellung ist der
Pd4.} (16... Na6 {[%cal Ya8e8]}) 17. Nf3 Bb6 18. Bf4 Na6 19. Qd3 Nc7 20. Rae1
Ne6 21. Bc1 {Weiß hat die Ruhe weg.} ({Selbstverständlich nicht} 21. Bh3 $4
Nxf4) (21. Be5 Ng4 $11) 21... Rae8 22. h4 {Eröffnet dem Bg2 eine Option auf
das bessere Feld h3.} Qd6 23. b4 Ne4 (23... Qxb4 $4 24. Ba3) 24. a3 Re7 ({
Aktiver sieht} 24... a5 $5 {aus.}) 25. Be3 {[%cal Yf3e5]} Ree8 {Schwarz
verlegt sich aufs Abwarten} 26. Ne5 {während Weiß kleine Fortschritte macht.}
Rd8 (26... Nxd4 $2 27. Bxd4 Bxd4 28. Qxd4 Qxe5 29. Qxe5 Rxe5 30. f3 $18) 27.
Bh3 Rde8 28. Bg2 (28. Kh2 $2 Nxd4 29. Bxd4 Bxd4 30. Qxd4 Rxe5 $17) 28... Rd8
29. Kh2 Rde8 30. f3 Nf6 31. Bh3 $14 Re7 (31... Nd7 {war naheliegend, aber nach}
32. Bf2 {sieht der Tausch} Nxe5 $6 33. dxe5 $14 {vorteilhaft aus für Weiß: die
Bauern könnten ins Rollen kommen.}) 32. Bf2 Kg8 33. Re2 Rfe8 34. Rfe1 a5 35.
Kg2 {Weiß arbeitet mit kleinen Fallen.} axb4 36. axb4 Ba7 $6 (36... Qxb4 $2 37.
Nd7 Nxd7 38. Bxe6+ $18) (36... Nc7 $5 {[%cal Yc7b5] hätte den folgenden
Vorstoß unterbunden.}) 37. b5 {Mit dem Minoritätsangriff verschlechtert Weiß
die schwarze Bauernstellung.} cxb5 38. Bxe6+ {Der Fortschritt in der
Bauernstellung ist nicht umsonst zu haben: Weiß gibt dafür das Läuferpaar
wieder her.} Rxe6 39. Qxb5 R6e7 40. Qd3 Bb8 41. Rb2 {Es sind neue Ziele am
Damenflügel entstanden.} Qa6 42. Qf5 Rf8 $2 (42... Re6 {Der Druck gegen e5
gehörte zu den schwarzen Aktivposten.}) 43. Qb1 Qa4 $2 {Warum ?} (43... Rfe8
44. Nd3 Rxe1 45. Bxe1 Ba7 46. Bf2 $16) 44. Rxb7 {Manchmal ist Schach auch ein
Geduldsspiel.} Rxb7 45. Qxb7 Qa2 46. Qc6 Qa7 47. g4 Kh8 48. Re2 Qa3 49. Qc5 Bd6
50. Qxa3 Bxa3 {Da Weiß weit davon entfernt ist, einen gefährlichen Freibauern
zu bilden, geht es nach wie vor um kleine positionelle Errungenschaften.} 51.
Ra2 Bb4 52. Rb2 Bc3 53. Rc2 Bb4 54. Bg3 Ra8 55. Nd3 Be7 56. Rc7 {Die 7.Reihe
ist ein solcher Erfolg.} Bd8 57. Rb7 Kg8 58. Be5 Ra2+ 59. Kg3 Ba5 60. h5 Ra3
61. h6 gxh6 62. Bxf6 Rxd3 63. Rg7+ Kf8 64. Rxh7 Bd2 $2 ({Schwarz sollte
wenigstens den Pd4 mitnehmen.} 64... Bb6 65. Rxh6 Bxd4 66. Bxd4 Rxd4) 65. Rd7 {
Nun könnte er eigentlich auch aufgeben.} Be3 66. Rxd5 Kf7 67. Be5 Ke6 68. Rd6+
Ke7 69. Rg6 Kf7 70. Rf6+ Ke7 71. Kg2 Rd2+ 72. Kf1 Bg5 73. Rf5 Be3 74. Ke1 Rg2
75. d5 Rd2 76. Bc3 Rd3 77. Bb4+ Kd7 78. Ke2 Rb3 79. Bd2 Bd4 80. Bxh6 Kd6 81.
Bf8+ Kd7 82. Bh6 Kd6 83. Bf4+ Kc5 84. d6+ Kc6 85. g5 Bc5 86. Rxc5+ Kxc5 87. d7
Rb2+ 88. Bd2 Rb8 89. Ba5 Rd8 90. Bxd8 1-0

[Event "Sufe Cup"]
[Site "Shanghai"]
[Date "2000.03.03"]
[Round "1"]
[White "Pigusov, Evgeny"]
[Black "Nay, Oo Kyaw Tun"]
[Result "1-0"]
[WhiteElo "2610"]
[BlackElo "2595"]
[Annotator "Horn,Pe"]
[PlyCount "76"]
[EventDate "2000.03.03"]
[EventType "tourn"]
[EventRounds "13"]
[EventCountry "CHN"]
[EventCategory "13"]
[SourceTitle "CBM 076"]
[Source "ChessBase"]
[SourceDate "2000.05.31"]
[SourceVersion "1"]
[SourceVersionDate "2000.05.31"]
[SourceQuality "1"]

1. Nf3 d5 2. g3 Nf6 3. Bg2 c6 4. O-O Bg4 5. c4 e6 6. cxd5 cxd5 7. Qb3 Qc7 8. d3
Nc6 9. Nc3 Qd7 10. Qa4 (10. Nb5 Bxf3 11. Bxf3 a6 12. Qa4 Bc5 13. Bg2 Nd4 $4 (
13... O-O $132) 14. Nc7+ $16 {Burmakin,V-Ramesh,R/Ubeda 1999}) 10... Be7 11.
Nd4 $146 (11. Bf4 O-O 12. Rac1 a6 13. Rfe1 b5 14. Qd1 Rac8 $132 {Stuemer,
P-Doering,T/Dortmund 1987}) 11... O-O ({Die Schwächung der Bauernstruktur
konnte Schwarz mit} 11... Nxd4 $1 {vermeiden:} 12. Qxd4 Rc8 13. Bg5 (13. Qxa7
d4 $132 14. Na4 $140 $2 b5 $19) 13... Bc5 $132) 12. Nxc6 bxc6 (12... Qxc6 {
gefällt mir besser.} 13. Qxc6 bxc6 14. h3 Bh5) 13. h3 Bh5 14. Qc2 Bg6 15. e4 d4
$2 {[%csl Rg6] Die schwarze Stellung gefiel mir eh nicht mehr; die Aufhebung
der Spannung im Zentrum verschärft die Lage zusätzlich.} 16. Na4 c5 17. b3 $16
{Weiß hat keine Eile; die positionellen Trümpfe sind in seiner Hand: die
bessere Bauernstruktur und der schlechte Bg6.} (17. Nxc5 $2 Qc7 18. b4 a5 $44)
17... Rac8 18. Nb2 {Nähert sich dem Idealfeld c4.} Rfd8 19. Nc4 Ne8 20. Bd2 Nd6
{Schwarz möchte verständlicherweise den Nc4 gerne tauschen.} 21. Ne5 {Weiß ist
einverstanden; aber er holt sich lieber das Läuferpaar und nimmt nebenbei eine
Schwächung der weißen Felder von Schwarz mit.} Qc7 22. f4 f6 23. Nxg6 hxg6 24.
Rae1 e5 (24... Nf7 25. e5 $5 (25. Qd1 $5)) 25. fxe5 fxe5 26. h4 {[%cal Yg2h3]
Nun dringt Weiß auf den weißen Feldern ein; es dürfte hier kaum noch eine
Rettung geben.} Rf8 27. Bh3 Rxf1+ 28. Rxf1 Rf8 29. Be6+ Kh7 30. Rxf8 Bxf8 {
Der Tausch der Türme hat das schwarze Dilemma nicht beseitigt.} 31. Qd1 Qe7 32.
Qg4 {[%cal Rh4h5]} Nf7 $2 ({Einzig} 32... Qe8 {leistete noch Widerstand.}) 33.
Bg5 (33. h5 $142 {war sofort aus:} gxh5 34. Bf5+ Kg8 35. Qg6 $18) 33... Qc7 34.
Qf3 (34. h5 gxh5 35. Qf5+ Kg8 36. Bd8 Qb7 37. Bd5 $18) 34... Kg8 $2 (34... Nd8
35. Bd5 Be7 36. Qg4) 35. Bd5 (35. Bd8 Qb7 36. Qg4 $18) 35... Bd6 36. Qg4 Kh7
37. Qe6 Nxg5 38. hxg5 Bf8 1-0

[Event "St Petersburg-ch 73rd"]
[Site "St Petersburg"]
[Date "2000.04.08"]
[Round "6"]
[White "Loginov, Valery A"]
[Black "Shaposhnikov, Evgeny"]
[Result "1-0"]
[WhiteElo "2512"]
[BlackElo "2503"]
[Annotator "Horn,Pe"]
[PlyCount "57"]
[EventDate "2000.04.03"]
[EventType "tourn"]
[EventRounds "11"]
[EventCountry "RUS"]
[EventCategory "11"]
[SourceTitle "CBM 077"]
[Source "ChessBase"]
[SourceDate "2000.07.27"]
[SourceVersion "1"]
[SourceVersionDate "2000.07.27"]
[SourceQuality "1"]

1. Nf3 Nf6 2. g3 d5 3. Bg2 Bg4 4. c4 c6 5. Ne5 Bh5 6. cxd5 cxd5 $2 7. Qa4+ Nbd7
8. Nc3 e6 9. g4 Bg6 10. h4 Bc2 $2 {Ich finde es erstaunlich, daß dieser
bekannte Fehler auch auf diesem Niveau sein Opfer findet.} (10... Bd6) (10...
h6) 11. Nxf7 Kxf7 (11... Bxa4 12. Nxd8 Kxd8 (12... Rxd8 {Huebner,R} 13. Nxa4
Nxg4 14. Bh3 h5 15. f3 $18) 13. Nxa4 Nxg4 14. Bh3 Ndf6 15. d4 Rc8 16. Nc5 Bxc5
17. dxc5 Ne5 18. Rg1 g6 19. Bf4 Ned7 20. Bxe6 Rxc5 21. Be3 $16 {
Romanishin-Suba/Moskau/1986}) 12. Qxc2 Nxg4 13. Nxd5 $18 {Diese Widerlegung
ist schon lange bekannt.} exd5 14. Bxd5+ Ke8 ({Der Weg ins Freie rettet auch
nicht:} 14... Kf6 15. Qe4 {[%cal Re4e6,Re4g4]} Nc5 16. Qd4+ $18) 15. Qe4+ Nde5
(15... Nge5 16. d4 $18) 16. f3 Nf6 17. Qxe5+ Be7 {Die Alternative war:
aufgeben.} 18. Bb3 Rc8 19. d4 Kf8 20. Rg1 Rc7 21. Bf4 Rd7 22. Qe6 Bb4+ 23. Kf1
Re7 24. Qf5 (24. Qc4 {gewann natürlich auch.}) 24... Qxd4 25. Rd1 Qb6 26. Qc8+
(26. Rxg7 {ist lustiger.}) 26... Re8 27. Qc4 Re7 28. a3 (28. Rg5 {ging auch
sofort}) 28... Bc5 29. Rg5 1-0

[Event "New York MCC"]
[Site "New York"]
[Date "1994.??.??"]
[Round "3"]
[White "Bonin, Jay R"]
[Black "Waitzkin, Joshua"]
[Result "1-0"]
[WhiteElo "2380"]
[BlackElo "2430"]
[Annotator "Horn,Pe"]
[PlyCount "75"]
[EventDate "1994.02.??"]
[EventType "tourn"]
[EventRounds "11"]
[EventCountry "USA"]
[EventCategory "9"]
[SourceTitle "CBM 043"]
[Source "ChessBase"]
[SourceDate "1994.12.01"]
[SourceVersion "1"]
[SourceVersionDate "1994.12.01"]
[SourceQuality "1"]

1. Nf3 d5 2. g3 c6 3. Bg2 Bg4 4. c4 e6 5. Qb3 (5. cxd5 Bxf3 6. Bxf3 cxd5 7. Nc3
Nf6 8. O-O Nc6 9. d3 Be7 $10) (5. Ne5 Bh5 6. cxd5 exd5 7. O-O Nd7 8. d4 Ngf6 9.
Qb3 Qb6 10. Nxd7 Nxd7 11. Qe3+ Be7 12. b3 Qd8 13. Ba3 Bg4 14. Nc3 Be6 15. Bxe7
Qxe7 16. Rfe1 {1/2-1/2 Romanishin-Geller/ Moscow/ 1986/}) 5... Qb6 6. Ne5 (6.
d3 Nd7 7. cxd5 (7. Nc3 Ngf6 8. O-O Bd6 {-> 6.0-0}) 7... Qxb3 8. axb3 exd5 9.
Be3 a6 10. Nd4 Ngf6 11. f4 c5 $6 12. Nc2 Be6 13. Nd2 $13 {Kettner-Backwinkel/
BL/1986}) (6. O-O Nd7 (6... Bd6 7. Nc3 (7. Qc2 Ne7 8. Nc3 Nd7 9. d3 Nf5 10. e3
O-O 11. b3 Qc7 12. Bb2 $13 {Larsen-Kosten/Hastings/1988}) (7. d3 Nd7 8. Be3
Qxb3 9. axb3 a6 10. Na3 Ne7 $10 {Nikolic-Kosic/Kladovo/1990}) 7... Nf6 8. d3
Nbd7 9. Be3 (9. Qxb6 axb6 10. cxd5 exd5 11. e4 dxe4 12. Nxe4 Nxe4 13. dxe4 O-O
$13 {Schurade-Thormann/DDR/1978}) 9... Qxb3 10. axb3 {1/2-1/2 Spassov-Farago/
Moskau/1989}) 7. d4 Ngf6 8. Nc3 Be7 9. Rd1 Bh5 10. Bf4 h6 11. Rac1 O-O 12. Ne5
$10 {Ribli-Larsen/Tilburg/1980}) (6. Qc2 Nd7 7. d3 Ngf6 8. O-O Be7 9. b3 O-O
10. Bb2 Rfe8 $10 {Pigusov-Voiska/Katerini/1993}) 6... Nf6 $146 (6... Bh5 7.
Qxb6 axb6 8. cxd5 exd5 9. d4 Na6 10. Bd2 Nb4 11. Bxb4 Bxb4+ 12. Nd2 Ne7 13. Nd3
Bxd2+ 14. Kxd2 Nf5 15. Nf4 Bg6 16. e3 Nd6 {Stelting-Jacoby,F/ Hamburg/ 1992/ 1/
2-1/2/}) 7. cxd5 Qxb3 (7... exd5 8. Nxg4 Nxg4) 8. axb3 exd5 $2 (8... cxd5 9.
Nxg4 Nxg4 10. Nc3 (10. e4 dxe4 11. Bxe4 Nc6) 10... Nc6) 9. Nxg4 Nxg4 10. Bh3 $1
f5 (10... Nf6 $2 11. Bc8 $18) (10... h5 $2 11. f3 Nf6 12. Bc8 $18) 11. f3 Nh6
12. d4 $1 (12. e4 $2 dxe4 13. fxe4 Na6 14. exf5 (14. d4 Nb4) 14... Nc5 $1 $17 (
14... Nb4 $44)) 12... Bb4+ $2 (12... g6 13. e4 dxe4 14. fxe4 Na6 15. Bxh6 (15.
exf5 Nxf5 16. Bxf5 gxf5 17. O-O Nb4 $13) 15... Bxh6 16. exf5 O-O $44) 13. Kf2
$1 {פh6,Pf5} O-O 14. Bxh6 gxh6 15. Na3 {/\ Nc2-e3} Kg7 (15... Na6 16. Nc2 f4 (
16... Bd6 17. Ne3 f4 18. Nf5 $16) 17. gxf4 Rxf4 18. e3 Rf6 $14) (15... f4 $2
16. gxf4 Rxf4 17. Bc8 $18) (15... Bd6 {/\ f4+/=}) (15... Bxa3 $14) 16. Nc2 Be7
17. b4 (17. Ne3 Kg6) 17... b5 (17... a6 18. b5 $5 cxb5 19. Ne3 $16) 18. Ra3 Bd6
19. Rha1 a6 20. Ne3 Kg6 (20... Bxb4 21. Nxf5+ Rxf5 22. Bxf5 Bxa3 23. Rxa3 $40)
21. Ng2 Bxb4 (21... Be7) 22. Re3 Ra7 23. Nh4+ (23. Re6+ Rf6 24. Nh4+ Kf7 25.
Rxf6+ Kxf6 26. Nxf5 h5) 23... Kf6 (23... Kg7 24. Nxf5+ Kh8 25. Nxh6) 24. Nxf5
h5 25. Nh4 (25. Rd3 {/\ e4}) 25... Re7 26. Rxe7 Kxe7 27. Nf5+ Kf6 (27... Kd8 $5
) 28. Ne3 $5 Ke7 (28... a5 $5 29. Nc2 Bd2 30. e3 (30. Rd1 Bh6) 30... a4 31. Ke2
Ba5) 29. Nc2 Bd6 30. Kg2 h4 (30... Bc7 {/\ a5} 31. b4) (30... c5 31. dxc5 Bxc5
$14) 31. e4 dxe4 32. fxe4 hxg3 33. hxg3 c5 $2 (33... Rg8 34. e5 $16) (33... Bc7
34. Ne3 $16) 34. e5 $1 Bc7 35. Ne3 cxd4 (35... Rd8 36. Rc1 c4 (36... Rxd4 $4
37. Nf5+ $18) 37. b3) (35... Nc6 36. Rxa6 Nxd4 37. Ra7 Kd8 38. Ra8+ Ke7 39.
Nd5+ $18) 36. Nd5+ Kd8 37. Rc1 Rf7 (37... Ba5 38. b4 $18) 38. e6 (38. e6 Rg7
39. Rxc7 Rxc7 40. Nxc7 Kxc7 41. e7 $18) 1-0

[Event "Elgoibar 12th"]
[Site "Elgoibar"]
[Date "2002.12.17"]
[Round "6"]
[White "Gonzalez de la Torre, Santiago"]
[Black "Paunovic, Dragan"]
[Result "1-0"]
[WhiteElo "2399"]
[BlackElo "2532"]
[Annotator "Horn,Pe"]
[PlyCount "113"]
[EventDate "2002.12.12"]
[EventType "tourn"]
[EventRounds "9"]
[EventCountry "ESP"]
[EventCategory "9"]
[SourceTitle "CBM 093"]
[Source "ChessBase"]
[SourceDate "2003.04.01"]
[SourceVersion "1"]
[SourceVersionDate "2003.04.01"]
[SourceQuality "1"]

1. Nf3 Nf6 2. g3 g6 3. b3 Bg7 4. Bb2 O-O 5. Bg2 d5 6. c4 c6 7. O-O a5 8. d3 Bg4
9. Nbd2 Nbd7 10. h3 (10. a3) (10. Qc2) (10. Rc1) (10. Rb1) 10... Bxf3 11. Nxf3
Qb6 $146 (11... e6 12. Qc2 Re8 13. e4 dxe4 14. dxe4 e5 15. Rad1 $14 Qc7 16. Ba3
Bf8 17. c5 Qb8 $6 18. g4 Rd8 19. Rd2 Be7 20. Rfd1 $16 {Radjabov,T-Ivanchuk,V/
Dubai 2002}) 12. Rb1 Rfe8 {[%cal Ye7e5]} 13. cxd5 cxd5 14. Ne5 (14. Qd2 e5 15.
Rfc1) 14... e6 (14... Nxe5 15. Bxe5 Qe6 16. Bd4 b5) 15. Nxd7 Nxd7 16. Bxg7 Kxg7
17. Qd2 Rec8 18. Rfc1 Kg8 19. h4 Qb4 20. Qg5 Kg7 (20... Qa3 $11) 21. Bf3 h6 22.
Qe3 Rc6 {Die damit eingeleitete Aufhebung der symmetrischen Bauernstellung ist
durchaus nicht ohne Risiken für Schwarz.} (22... Qa3 $11) 23. Rxc6 bxc6 24. d4
Rc8 (24... e5 25. dxe5 Re8 26. Rd1 Nxe5 27. Bg2 $14) (24... c5 25. dxc5 Rc8 26.
Rc1 {->Partie}) (24... a4 $5 25. h5 $5 (25. Rc1 axb3 26. axb3 Ra3 $132) 25...
axb3 26. axb3 Qd6 $13) 25. Rc1 c5 26. dxc5 Rxc5 27. Rxc5 {Wegen der Majorität
am Damenflügel bei dem reduzierten Material muß Schwarz jetzt sorgfältig zu
Werke gehen.} d4 $2 {[%csl Gf3] Damit stärkt Schwarz den Bf3.} (27... Nxc5 28.
h5 $14) (27... Qxc5 28. Qxc5 Nxc5 29. Kf1 $14) 28. Qe4 Qxc5 29. Qc6 Qa7 (29...
Qxc6 30. Bxc6 $14) 30. Qd6 $1 $16 Kf6 31. Qf4+ (31. g4 $5) 31... Kg7 32. Qd6
Kf6 33. Qf4+ Kg7 34. Bc6 e5 (34... Nf6 35. Qe5 $16) (34... Nf8 {passives
Verhalten hilft angesichts der weißen Majorität am Damenflügel uns der starken
weißen Figuren kaum.} 35. Qe5+ f6 36. Qd6 $18) 35. Qe4 Kf6 ({Auch} 35... f6 36.
Qd5 Nc5 {reicht nach} 37. Bb5 $18 {[%cal Rb5c4] nicht.}) 36. Qf3+ Ke7 37. Qd5
Nf8 (37... f6 38. Qg8 $18) 38. Qxe5+ Ne6 39. Bd5 Qc5 40. Qe4 Qc1+ 41. Kg2 Qd2
42. Bxe6 fxe6 43. Qxg6 Qxe2 44. Qg7+ Ke8 45. Qxd4 e5 (45... Qxa2 46. Qa4+ Qxa4
47. bxa4 $18) 46. Qa4+ Ke7 47. Qxa5 Qe4+ 48. Kg1 Qb1+ 49. Kg2 Qe4+ 50. Kg1 Qb1+
51. Kh2 Qb2 52. Qc5+ Ke6 53. Qb6+ Kf5 54. a4 Qd4 55. a5 h5 56. b4 Kg4 57. Qxd4+
1-0

[Event "RUS-ch 53rd"]
[Site "Samara"]
[Date "2000.06.20"]
[Round "4"]
[White "Loginov, Valery A"]
[Black "Sidorov, Anatoly"]
[Result "1-0"]
[WhiteElo "2512"]
[BlackElo "2339"]
[Annotator "Horn,Pe"]
[PlyCount "67"]
[EventDate "2000.06.03"]
[EventType "swiss"]
[EventRounds "11"]
[EventCountry "RUS"]
[SourceTitle "CBM 078"]
[Source "ChessBase"]
[SourceDate "2000.10.18"]
[SourceVersion "1"]
[SourceVersionDate "2000.10.18"]
[SourceQuality "1"]

1. Nf3 d5 2. g3 c6 3. Bg2 Bf5 4. c4 e6 5. cxd5 exd5 6. O-O Nf6 7. d3 Bc5 8. Qc2
Be7 $6 $146 {Ausgesprochen unlogisch: die Q ist gerne auf c2, und so hat
Schwarz einfach ein Tempo verloren.} (8... Na6 9. a3 O-O 10. b4 Bb6 11. Nc3 Re8
12. Bb2 c5 $13 {Yuferov,S-Filipenko,A/Belgorod 1989}) (8... Bb6 9. Nc3 O-O 10.
e4 Be6 11. Na4 (11. a3 Nbd7 12. Na4 Qe7 13. Bd2 dxe4 14. dxe4 Bg4 15. Nxb6 axb6
16. Nd4 Nc5 17. h3 Qd7 18. hxg4 Qxd4 19. g5 Ng4 20. Rad1 Qd3 21. Qxd3 Nxd3 22.
Bc3 $16 {Yuferov,S-Majorovas,V/Warsaw 1989}) 11... h6 12. b4 Qc8 13. Bb2 Bd8
14. Nc5 Bg4 15. Ne5 Bh3 $2 16. Bxh3 Qxh3 17. Nxb7 $16 {Loginov,V-Filipenko,A/
Kstovo 1994}) 9. Nc3 Qc8 $2 {Vermutlich hätte Schwarz sich am besten für einen
normalen Entwicklungszug entschieden.} (9... d4 $6 {ist eine radikale Methode
gegen den Plan e2-e4.}) 10. e4 dxe4 11. dxe4 Bg6 ({Die einzige Rechtfertigung
für Qc8 konnte in} 11... Bh3 {bestehen, aber dann kommt} 12. e5 $16 Bxg2 $140 (
{Alternativen wie} 12... Nh5 {sehen auch nicht vertrauenserweckend aus.}) 13.
exf6 $1 Bxf1 14. fxg7 Rg8 15. Qxh7 $16) 12. Nh4 Nfd7 13. Nxg6 hxg6 14. Re1 $16
{Schwarz hat das Läuferpaar abgegeben, außerdem ist er unterentwickelt.} Na6
15. e5 {Es zeichnen sich bereits Gefahren für den Ke8 ab.} Ndc5 16. Ne4 Nxe4
17. Rxe4 Qe6 18. Bd2 O-O ({Auch auf dem anderen Flügel hat der K kein leichtes
Leben:} 18... Nc5 19. Re2 O-O-O 20. b4 Nd3 21. b5 c5 22. Ba5 $16) 19. h4 Rfd8
20. Ba5 Rd5 21. Bc3 Rdd8 ({Konsequenter wäre} 21... Rad8 22. Ra4 $5 R5d7 23.
Bf3 $16) 22. Kh2 {[%cal Rg2h3]} g5 (22... Nc5 23. Bh3 f5 $8 24. Re3 $16 {
[%cal Rh4h5]}) 23. hxg5 Bxg5 24. Bh3 Qg6 25. e6 Nc5 26. exf7+ Kxf7 27. Bf5 $1
$18 {Auch das noch! Angesichts des leicht ansprechbaren Kf7 reicht Weiß ein
günstiges Endspiel nicht mehr.} Qh6+ (27... Qxf5 28. Re7+ Kg6 29. Rxg7+ $18) (
27... Qh5+ $2 {verliert gegenüber der Partie nur ein Tempo:} 28. Kg2 Nxe4 29.
Qxe4 Qh6) 28. Kg2 Nxe4 29. Qxe4 Qd6 ({Auch die Alternativen retten nicht mehr:
} 29... Rh8 30. Qc4+ Ke8 31. Re1+ $18) (29... Rd5 30. Re1 Rxf5 31. Qxf5+ $18)
30. Rd1 Qe7 (30... Qxd1 31. Qe6+ Kf8 32. Bb4+ $18) 31. Qc4+ Rd5 (31... Kf8 32.
Bh7 $18) 32. Rxd5 cxd5 33. Qxd5+ Kf8 34. Bh7 (34. Bh7 Qf7 35. Bb4+ Be7 (35...
Ke8 36. Qe4+ Kd8 37. Ba5+ $18) 36. Bxe7+ Kxe7 37. Qxb7+ $18) 1-0

[Event "Sao Paulo zt"]
[Site "Sao Paulo"]
[Date "1993.??.??"]
[Round "7"]
[White "Slipak, Sergio"]
[Black "Catropa, Djalma"]
[Result "1-0"]
[WhiteElo "2405"]
[BlackElo "2300"]
[Annotator "Horn,Pe"]
[PlyCount "73"]
[EventDate "1993.??.??"]
[EventType "swiss"]
[EventRounds "9"]
[EventCountry "BRA"]
[SourceTitle "CBM 036"]
[Source "ChessBase"]
[SourceDate "1993.10.01"]
[SourceVersion "1"]
[SourceVersionDate "1993.10.01"]
[SourceQuality "1"]

1. Nf3 Nf6 2. g3 g6 3. b3 Bg7 4. Bb2 O-O 5. Bg2 d5 6. O-O c6 (6... c5 $1 $10)
7. d3 Nbd7 8. c4 Re8 9. Qc2 e5 10. cxd5 Nxd5 (10... cxd5 $1 11. Rc1 $5 {/\ Qc7}
) 11. Nbd2 a5 12. Nc4 Qe7 13. Rad1 f6 14. Qc1 (14. e4 $14) 14... Ra6 $6 15. e4
Nc7 16. d4 b5 $6 17. Ne3 exd4 18. Nxd4 Nb8 (18... c5 $2 19. Nxb5 $1 Nxb5 20.
Qc4+ Re6 21. Qxb5 $18) (18... Bb7 $16) 19. Rfe1 Ne6 $2 20. Nef5 $1 Qf8 (20...
gxf5 21. exf5 Qf7 22. fxe6 Bxe6 23. Nxe6 Rxe6 24. Rd8+ $18) 21. Nxe6 Bxe6 22.
Nxg7 Kxg7 23. f4 c5 24. f5 Bf7 25. e5 fxe5 26. Rxe5 Kg8 27. Qc3 b4 28. Rxe8
bxc3 29. Rxf8+ Kxf8 30. Bxc3 Be8 (30... gxf5 $4 31. Rd8+ $18) 31. Bf1 Ra7 32.
f6 Nc6 33. Rd5 a4 34. Rxc5 axb3 35. axb3 Rb7 36. Bc4 Rb8 37. Bd2 1-0